000 00668nam a2200229 a 4500
999 _c3072
_d3072
001 3072
003 BD-JhCC
005 20180304173305.0
008 171109s1998 bg |||| ||a| 000 0 ben d
020 _a9845551793
035 _a(BD-JhCC)3072
040 _aBD-JhCC
_dBD-JhCC
041 _aben
082 _a891.4409
_bISL 1998
100 _aইসলাম, রফিকুল
245 _aনজরুল প্রসঙ্গে /
_cরফিকুল ইসলাম,
260 _aঢাকা :
_bনজরুল ইন্সটিটিউট,
_c1998
300 _a256 p. :
_c20 cm.
650 _aBengali Literature
942 _2ddc
_cBK